Ciudades solidarias en Europa (Record no. 14363)
[ view plain ]
| 000 -CABECERA | |
|---|---|
| campo de control de longitud fija | 01060nam a2200277 4500 |
| 003 - IDENTIFICADOR DEL NÚMERO DE CONTROL | |
| campo de control | EC-UNACH |
| 005 - FECHA Y HORA DE LA ÚLTIMA TRANSACCIÓN | |
| campo de control | 20260218130945.0 |
| 006 - CÓDIGOS DE INFORMACIÓN DE LONGITUD FIJA--CARACTERÍSTICAS DEL MATERIAL ADICIONAL | |
| campo de control de longitud fija | s||||gr|||| 00| 00 |
| 008 - DATOS DE LONGITUD FIJA--INFORMACIÓN GENERAL | |
| campo de control de longitud fija | 150116t9999 mx r gr 000 0 spa d |
| 020 ## - NÚMERO INTERNACIONAL ESTÁNDAR DEL LIBRO | |
| Número Internacional Estándar del Libro | 978-3-9818987-7-4 |
| 040 ## - FUENTE DE LA CATALOGACIÓN | |
| Centro catalogador/agencia de origen | EC-UNACH |
| Centro/agencia transcriptor | EC-UNACH |
| 041 ## - CÓDIGO DE LENGUA | |
| Código de lengua del texto/banda sonora o título independiente | spa |
| 082 04 - NÚMERO DE LA CLASIFICACIÓN DECIMAL DEWEY | |
| Número de edición | 23 |
| Número de clasificación | 361.61 |
| Número de documento/Ítem | L018605 |
| 100 ## - ENTRADA PRINCIPAL--NOMBRE DE PERSONA | |
| Nombre de persona | Wenke, Christoph |
| 245 ## - MENCIÓN DE TÍTULO | |
| Título | Ciudades solidarias en Europa |
| 250 ## - MENCIÓN DE EDICIÓN | |
| Mención de edición | Edición extendida |
| 264 ## - Producción, publicación, distribución, fabricación y copyright | |
| Lugar de producción, publicación, distribución, fabricación | Berlín - Alemania |
| Nombre del de productor, editor, distribuidor, fabricante | Rosa-Luxemburg-Stiftung |
| Fecha de de producción, publicación, distribución, fabricación o copyright | 2019 |
| 300 ## - DESCRIPCIÓN FÍSICA | |
| Extensión | 128 páginas |
| 501 ## - NOTA DE "CON" | |
| Nota de “Con” | incluye contenido |
| 505 ## - NOTA DE CONTENIDO CON FORMATO | |
| Nota de contenido con formato | Ciudades solidarias en Europa -- Ciudades solidarias en construcción -- Ciudadanía regional y el documento de identidad municipal -- Ciudad de migración y refugio -- Solidaridad contra el vuelco a la derecha -- Excurso: Las ambivalencias de una ciudad refugio -- Excurso: Solidaridad en la base. |
| 700 ## - PUNTO DE ACCESO ADICIONAL--NOMBRE DE PERSONA | |
| Nombre de persona | Neumann, Mario |
| Término indicativo de función/relación | Autor |
| 942 ## - ELEMENTOS DE PUNTO DE ACCESO ADICIONAL (KOHA) | |
| Fuente del sistema de clasificación o colocación | Clasificación Decimal Dewey |
| Tipo de ítem Koha | Libros |
| 999 ## - NÚMEROS DE CONTROL DE SISTEMA (KOHA) | |
| Koha biblionumber | 14363 |
| Estado de pérdida | Fuente del sistema de clasificación o colocación | Estado dañado | No para préstamo | Localización permanente | Ubicación/localización actual | Ubicación en estantería | Fecha de adquisición | Fuente de adquisición | Número de inventario | Total de préstamos | Signatura topográfica completa | Código de barras | Fecha visto por última vez | Número de copia | Precio válido a partir de | Tipo de ítem Koha | Centro de costos |
|---|---|---|---|---|---|---|---|---|---|---|---|---|---|---|---|---|---|
| Clasificación Decimal Dewey | Biblioteca Campus Sur | Biblioteca Campus Sur | Pedagogía de la Historia y las Ciencias Sociales | 18/02/2026 | Donación ITB-001-2026 | 40956808 | 361.61 WEN L018605 | L018605 | 18/02/2026 | Ejemplar: 01 | 18/02/2026 | Libros |